1044 1618 1617 1178 1701 1793 1216 1123 1337 1012 1460 1048 1766 1195 1750 1837 1694 1819 1165 1051 1895 1687 1205 1463 1452 1496 1473 1595 1567 1723 1196 1110 1014 1200 1927 1045 1097 1932 1544 1844 1870 1908 1885 1581 1291 1770 1863 1377 1810 1056 1831 1556 1835 1230 1883 1374 1415 1095 1783 1752 1980 1562 1401 1720 1518 1947 1878 1277 1991 1090 1582 1626 1746 1296 1397 1602 1570 1220 1103 1182 1716 1970 1632 1306 1754 1496 1862 1332 1843 1135 1678 1617 1901 1219 1777 1625 1531 1086 1841 BCNSPRNW ULIB Ver.6.0+V

เปลี่ยนเป็นภาษาไทย

Change to English
 แสดงรายละเอียดบรรณานุกรม
  กลับหน้าหลัก

Brief Record : Get Marc (ISO 2709) : E-mail record : QR code < ปิดหน้าต่าง
LEADER : 00000nam 2200000uu 4500
001    13399111912
003     ULIB
008    110627s2551||||th 000 0 tha d
020    9789746906197
090    นว.^bพ273ค 2551
100 0  พรรรวดี
245 00 คุณหนูปากร้ายกันนายเก็บกด/^cพรรรวดี
260    กรุงเทพฯ :^bดอกหญ้า,^c2551
300    200 หน้า
945    ^p139^l0^i023621
995    ทศพร
999 ^a ใช้งานได้ทุกระบบ
รายการนี้ยังไม่มีแท็ก
คุณยังไม่ได้ล็อกอิน คุณสามารถมีกิจกรรมร่วมกับเว็บไซต์ได้ แต่ต้องล็อกอินก่อน ::
  ล็อกอิน

รายการสื่อสารสนเทศ

ลำดับที่ ประเภท เลขเรียก/บาร์โค้ด สถานที่ สถานะ
- ไม่พบข้อมูล -

BibComment


ยังไม่เคยถูกคอมเมนท์

คอมเมนท์ทรัพยากรรายการนี้
  คอมเมนท์: คุณหนูปากร้ายกันน..


 Copyright 2026. Bcnsprnw @Library